| 000 | 01342nam a2200337 i 4500 | ||
|---|---|---|---|
| 003 | EG-GICUC | ||
| 005 | 20260218092427.0 | ||
| 008 | 260112s1956 ua o|||fr|||| 00| 0 ara d | ||
| 040 |
_a EG-GICUC _bara _c EG-GICUC _d EG-GICUC _erda |
||
| 041 | 0 | _aAra | |
| 082 | 0 | 4 |
_221 _a343.81 _bر ج . ب |
| 092 | 0 | 4 | _221 |
| 099 | _aLaw1 10 343.81 ر ج . ب 1956 | ||
| 100 | 0 |
_aرجينلد موريش _eمؤلف. |
|
| 245 | 1 | 2 |
_aالبوليس والكشف عن الجريمة اليوم / _cتأليف رجينلد موريش، ترجمة اللواء عبد المنصف محمود، مراجعة أمين خيرت الغندور. |
| 264 | 1 |
_aالقاهرة : _bمكتبة الأنجلو المصرية، _c1956. |
|
| 300 |
_a194 صفحة : _bصور ؛ _c24 سم. |
||
| 336 |
_2rda content _atext |
||
| 337 |
_2rda media _aComputer |
||
| 338 |
_2rda carrier _aOnline Resource |
||
| 490 |
_aالألف كتاب ؛ _v13 |
||
| 546 | _aالنص باللغة العربية | ||
| 650 | 1 |
_aعلم البوليس العلمى _2qrmak |
|
| 650 | 1 |
_aالقانون الجنائى _zqrmak |
|
| 651 | 1 | _2qrmak | |
| 700 | 0 |
_aعبد المنصف محمود _eمترجم. |
|
| 700 | 0 |
_aأمين خيرت الغندور _eمراجع. |
|
| 856 | 4 | 0 | _uhttps://fll.law.cu.edu.eg/fulltext/bks/B10-07759.pdf |
| 905 |
_a54 _eYara |
||
| 942 |
_2ddc _cBK _e21 _n0 |
||
| 999 |
_c56619 _d56619 |
||